000 00268nam a2200109Ia 4500
008 190216s9999||||xx |||||||||||||| ||und||
100 _aMadhavan Kutty K Dr
245 0 _aIntroduction To Human Phisiology
260 _bEducational Books
650 _aBotany
942 _cBK
999 _c1119
_d1119